|
|
|
|
| LEADER |
00000cas a2200000 a 4500 |
| 001 |
vtls001371737 |
| 003 |
SK-MaSNL |
| 005 |
20260228155744.0 |
| 008 |
990907d19681968xo u 0 0b2slo c |
| 035 |
|
|
|a SNK000325559
|
| 040 |
|
|
|a SNK
|b slo
|c SNK
|e AACR2
|
| 041 |
0 |
|
|a slo
|
| 044 |
|
|
|a xo
|c SK
|
| 072 |
|
7 |
|a 82
|x Literatúra. Literárny život
|2 konspekt
|
| 072 |
|
7 |
|a 32
|x Politika
|
| 080 |
|
|
|a 050
|2 2001
|
| 080 |
|
|
|a 82
|2 2001
|
| 080 |
|
|
|a (051)379.8
|2 2001
|
| 245 |
1 |
|
|a Černokňažník
|b humoristicko-satirický časopis
|
| 260 |
|
|
|a [S. l.]
|b Slováci v slovenských horách a jaskyniach
|c 1968
|
| 300 |
|
|
|a 1 zv.
|
| 310 |
|
|
|a Periodicita sa nedá určiť
|
| 362 |
0 |
|
|a Mimoriadne vydanie, č. 1 (26. augusta 1968)-mimoriadne číslo 4 (30. augusta 1968)
|
| 500 |
|
|
|a Zodpovedný redaktor gen. Nebojsa
|
| 650 |
0 |
7 |
|a literatúra
|2 SNKPH
|9 1427
|
| 650 |
0 |
7 |
|a humor
|2 SNKPH
|9 1763
|
| 650 |
0 |
7 |
|a satira
|2 SNKPH
|9 1764
|
| 650 |
0 |
7 |
|a politika
|2 SNKPH
|9 968
|
| 650 |
0 |
7 |
|a spoločenský život
|2 SNKPH
|9 28654
|
| 655 |
0 |
7 |
|a humoristické časopisy
|2 SNKPH
|9 265143
|
| 850 |
|
|
|a Slovenská národná knižnica v Martine
|
| 999 |
|
|
|c 439
|d 439
|
| 952 |
|
|
|0 0
|1 0
|4 0
|7 0
|a SNK
|b SNK
|d 1999-09-07
|l 0
|o snkČSB 4294/1968
|p 17A0209768
|r 2005-01-02 00:00:00
|t č. 1-4
|w 2026-02-21
|y PREZ
|
| 952 |
|
|
|0 0
|1 0
|4 0
|7 0
|a SNK
|b SNK
|d 2018-09-13
|i snkČSP 1454/94
|l 0
|o snkČSB 4294/1968 D1
|p 17A1266377
|r 2026-02-21 22:26:41
|t č. 1-4
|w 2026-02-21
|y PREZ
|